• 首页
  • 本馆介绍
  • 公告通知
  • 最新文献
  • 馆藏检索
  • 电子资源
  • 读者导购
  • 参考咨询
  • 我的图书馆
  • 登录
  • 详细信息显示
  • 放入我的书架
  • 预约/预借图书
  • 作者相关作品
  • 分类相关作品
  • 丛书相关作品
  • 出版社相关作品

书目信息

  • 表格格式
  • 工作单格式
  • 卡片格式
题名:
向朱伯儒同志学习
    
 
作者: ;湖北人民出版社 编
分册:  
出版信息: 武汉   湖北人民出版社  1983
页数: 125页
开本: 19cm
丛书名:
单 册:
中图分类: E221 , K824.1
科图分类:
主题词: 人物--传记--中国
电子资源:
ISBN:
000 00726nam0 2200265 45
001 0183003068
005 20040513104419.1
010    @dCNY0.45
091    @a3106.670
100    @a19950427d1983 em y0chiy0121 ea
101 0  @achi
102    @aCN@b420000
105    @ay z 000yd
106    @ar
200 10 @a向朱伯儒同志学习@Axiang zhu bo ru tong zhi xue xi@f湖北人民出版社编
210    @a武汉@c湖北人民出版社@d1983
215    @a125页@d19cm
600  0 @a朱伯儒@x生平事迹
606 0  @a人物@x传记@x中国
690    @aE221@v3
690    @aK824.1@v3
711 02 @a湖北人民出版社@Ahu bei ren min chu ban she@4编
801  0 @aCN@b上海图书馆@c20031225
801  2 @aCN@bNLC@c20031225
905    @dK824.1@e12@f2@b106269-270
    
    向朱伯儒同志学习/湖北人民出版社编.-武汉:湖北人民出版社,1983
    125页;19cm
    
    
    ISBN :CNY0.45
    
●
相关链接 在E读中查询图书 在五车中查询图书 在当当中查询图书 在豆瓣中查询图书


正题名:向朱伯儒同志学习     索取号:K824.1/12         预约/预借

序号 登录号 条形码 馆藏地/架位号 状态 备注
1 0106269   001393478   密集书库/ [索取号:K824.1/12] 在馆    
2 0106270   001393628   密集书库/ [索取号:K824.1/12] 在馆    
3 0106271   001854069   密集书库/ [索取号:K824.1/12] 在馆    
4 0106272   001854023   密集书库/ [索取号:K824.1/12] 在馆    
5 0106273   001393511   密集书库/ [索取号:K824.1/12] 在馆    
唐山师范学院图书馆 欢迎您!
大连网信软件有限公司© 版权所有